00626nam a22002057a 4500003000500000005001700005008004100022010001000063011001000073035001000083040000900093100002500102245005700127260005400184300001800238490005600256650003400312650001800346830005600364CHAP20220329134035.0971013s1952 r 00010 d a14517 a15489 a19565 cCHAP00aGoodman, Lawrence E. aAseismic desing of structures founded on firm ground aUrbana, Illinois :bUniversity of Illinois,c1952 a49 p.b: ilus aCivil engineerin studies. Structural researchv; 2614aEstructuras, teoría de las.14aSismología.0 aCivil engineerin studies. Structural researchv; 26